000 00745nam a22002417a 4500
005 20170124110029.0
010 _aB-231031
020 _c175.00
_a8189781162
035 _aB-231031
037 _bCen Lib/Ret
040 _aDPL
_bEN
082 _a512
_bGAN
100 _aGanguly, Sobhakar
_9102513
245 _aTreatise on basic algebra /
_cby Sobhakar Ganguly [and] Manabendra NAth Mukherjee
260 _aKolkata
_bAcademic publishers
_c2007
270 _bKolkata
_a11 Panchan ghosh lane
_e700009
300 _aviii,562p.
_c23cm(Hb)
500 _aIncludes index
650 _aLinear algebra
_9102514
650 _aMathematics
_98937
700 _aMukherjee, Manabendra Nath
_9102515
942 _2ddc
_cEN
_h512
_mGAN
999 _c127702
_d127702